Prénoms dans l'Alphabet Militaire - Statistiques

Statistiques générales
  • Ce quiz a été pris 480 fois
  • Le résultat moyen est 4 sur 6
Statistiques - réponses
Prénoms % Correct
Charlie
94%
Romeo
75%
Juliet
74%
Oscar
71%
Victor
64%
Mike
63%
Aucun quiz correspondant
Distribution des résultats
% des personnes avec chaque résultat
Percentile par nombre de réponses
Votre historique - résultats
Vous n’avez pas pris ce quiz